Spell the Marvel Character #264 - Statistics

General Stats
  • This quiz has been taken 19 times
  • The average score is 5 of 8
Answer Stats
Picture Answer % Correct
Nick Fury
100%
Elektra
82%
Tigra
82%
Outlaw
59%
Network
53%
Kid Colt
41%
Wave
41%
Risque
29%
No matching quizzes found
Score Distribution
Percent of People with Each Score
Percentile by Number Answered
Your Score History
You have not taken this quiz